000 00618 a2200241 4500
001 108898
020 _a0329082507
020 _a0689714416 (pbk.)
020 _a0758763778
041 _apor
082 _aAP Toddler [E]
100 _aGinsburg, Mirra.
250 _a2nd Aladdin Paperbacks ed.
300 _a[32] p.
697 _aAnimals - Fiction.
697 _aMushrooms - Fiction.
856 _u00002d/00002dff.jpg
040 _aBR-BrIDEA
_cBR-BrIDEA
090 _aAP Toddler [E]
_bGIN
245 1 0 _aMushroom in the rain
_c Mirra Ginsburg
260 _a[s.l.]
_bAladdin Paperbacks
_c1990
942 _cBK
999 _c108898
_d108898